000 00453nam a2200193Ia 4500
005 20240823033842.0
008 240823s9999||||xx |||||||||||||| ||und||
041 _aENGLISH
082 _A512 N2
100 _aNarayanan K S
245 0 _aModern Algebra Vol1
250 _a1st
260 _c1982
_bS Viswanathan PV
500 _aTRANSFERED
650 _aAlgebra
_bMathematics
700 _a Manicavachagom Pillai
942 _cBK
999 _c196809
_d196809